000
00210 a2200097 4500
001
45630
100
_a
Keillor G
245
_a
Lake wobegone days
260
_a
London
_b
Faber & Faber
_c
090
_c
28800
_d
28800
942
_a
NUST-CAE
_c
M
_c
20892
999
_c
280703
_d
280703